ALLIANCE COMPETENCE : (Registro nro. 53016)
[ vista simple ]
| 000 -LEADER | |
|---|---|
| fixed length control field | 00799nam a2200217 a 4500 |
| 001 - CONTROL NUMBER | |
| control field | 53016 |
| 005 - DATE AND TIME OF LATEST TRANSACTION | |
| control field | 20180714043106.0 |
| 008 - FIXED-LENGTH DATA ELEMENTS--GENERAL INFORMATION | |
| fixed length control field | 140415s2000 xxu 000 0 eng d |
| 020 ## - INTERNATIONAL STANDARD BOOK NUMBER | |
| International Standard Book Number | 0471330639 |
| 041 ## - LANGUAGE CODE | |
| Language code of text/sound track or separate title | eng |
| 082 ## - DEWEY DECIMAL CLASSIFICATION NUMBER | |
| Classification number | 658.044 |
| Item number | SPE |
| 100 1# - MAIN ENTRY--PERSONAL NAME | |
| Personal name | SPEKMAN, ROBERT E. |
| 245 10 - TITLE STATEMENT | |
| Title | ALLIANCE COMPETENCE : |
| Remainder of title | MAXIMIZING THE VALUE OF YOUR PARTNERSHIPS |
| 250 ## - EDITION STATEMENT | |
| Edition statement | 1a ed. |
| 260 ## - PUBLICATION, DISTRIBUTION, ETC. | |
| Place of publication, distribution, etc. | ESTADOS UNIDOS DE AMERICA : |
| Name of publisher, distributor, etc. | JOHN WILEY AND SONS, INC., |
| Date of publication, distribution, etc. | 2000 |
| 300 ## - PHYSICAL DESCRIPTION | |
| Extent | 104 |
| Dimensions | 15.6 x 2.4 x 23.6 |
| 490 ## - SERIES STATEMENT | |
| Series statement | EDUCACION ESPECIAL |
| 520 ## - SUMMARY, ETC. | |
| Summary, etc. | THIS BOOK GIVES US A FRAME FOR LEARNING, IN TERMS OF BASICS, IT´S THE BEST. A MUST-READ FOR THOSE SEEKING PROSPEROUS ALLIANCES. |
| 650 14 - SUBJECT ADDED ENTRY--TOPICAL TERM | |
| Topical term or geographic name entry element | ALIANZAS ESTRATEGICAS (NEGOCIOS) |
| 700 1# - ADDED ENTRY--PERSONAL NAME | |
| Personal name | MACAVOY, THOMAS C. -ISABELLA, LYNN A. |
| Relator term | coaut. |
| Withdrawn status | Lost status | Source of classification or shelving scheme | Damaged status | Not for loan | Collection code | Home library | Current library | Shelving location | Date acquired | Source of acquisition | Inventory number | Total Checkouts | Full call number | Barcode | Date last seen | Price effective from | Koha item type |
|---|---|---|---|---|---|---|---|---|---|---|---|---|---|---|---|---|---|
| Dewey Decimal Classification | General | Biblioteca Karol Wojtyla | Biblioteca Karol Wojtyla | Sala general | 03/12/2013 | Compra | 151000000000000000020234 | 658.044 SPE | 78810 | 05/01/2026 | 03/12/2013 | Libro |